000 00628nam a2200181Ia 4500
003 GCL
008 140319s9999 xx 000 0 ara d
040 _aGCL /
_cGCL
082 0 4 _a492.4
_bس ل
100 1 _aسناء عبداللطيف صبرى
245 1 0 _aاللغة العبرية الحديثة - محادثات عبرية /
_cسناء عبداللطيف صبرى
250 _aالاولى
260 _aالقاهرة :
_bمكتبة مدبولى ،
_c2002
300 _a271 ص ؛
_c20 سم
650 0 4 _aاللغة العبرية
650 0 4 _aاللغة العبرية - تعليم وتدريس
942 _2ddc
_cBK
999 _c44601
_d44601